000 01568na a2200421 4500
001 20253
003 MIRAKIL
005 20181213155053.0
008 170116b tu 000 0
035 _a20253
040 _aMilas
_btur
_cTR-AnCHP
041 _atur
082 _aCHP 324.6
_bC36m 1999
090 _aCHP 324.6 C36m 1999
110 _aCumhuriyet Halk Partisi (CHP)
222 _aMüşahitler için kılavuz
245 _aSandık kurulu üyeleri ve gözlemciler (müşahitler) için rehber
_b1999
_cCHP
246 _aSandık kurulu üyeleri ve müşahitler için rehber
246 _aCHP 1999 seçim kılavuzu
260 _a[Ankara]
_b[CHP]
_c[2002]
300 _a16 s.
_c18 sm.
440 _aCumhuriyet Halk Partisi yayınları
_pKılavuzlar
500 _aCHP : Değişimin gücü
610 _aCumhuriyet Halk Partisi (CHP)
_xGenel seçimler, 1999
_yKılavuzlar
610 _aCumhuriyet Halk Partisi (CHP)
_xSandık kurulu üyeleri
_yKılavuzlar
610 _aCumhuriyet Halk Partisi (CHP)
_xGözlemciler (Müşahitler)
_xSeçim işlemleri
_yKılavuzlar
650 _aSeçimler
_yHukuk ve mevzuat
_zTürkiye
655 _aKılavuz kitaplar
657 _aCHP seçim kılavuzları
657 _aCHP 1999 seçim kılavuzu
657 _aCHP gözlemciler (müşahitler) rehberi
740 _aCHP 1999 sandık kurulu üyeleri ve müşahitler rehberi
740 _aSandık kurulu üyeleri ve müşahitler için rehber
740 _aCHP : Değişimin gücü
830 _aCHP kılavuzları
942 _2ddc
_cBKS
999 _c6001
_d6001